MARC details
| 000 -LÍDER |
| campo de controle de tamanho fixo |
01039 a2200289 4500 |
| 001 - NÚMERO DE CONTROLE |
| campo de controle |
118283 |
| 020 ## - ISBN - INTERNATIONAL STANDARD BOOK NUMBER |
| ISBN - International Standard Book Number |
9781449494865 |
| 020 ## - ISBN - INTERNATIONAL STANDARD BOOK NUMBER |
| Informação qualificadora |
(paperback) |
| 041 ## - CÓDIGO DE IDIOMA |
| Código do idioma do texto/trilha sonora ou título diferente |
eng |
| 082 ## - CDD - CLASSIFICAÇÃO DECIMAL DE DEWEY |
| Número de Classificação |
[Fic] |
| 040 ## - FONTE DA CATALOGAÇÃO |
| Instituição da catalogação original |
BR-BrIDEA |
| Instituição que transcreveu o registro |
BR-BrIDEA |
| 090 ## - NÚMERO DE CHAMADA LOCAL |
| Número de chamada (OCLC) (R); Número de chamada, CALL (RLIN) (NR) |
A Year 4 [Fic] |
| Número Cutter local (OCLC); Número de classificação do livro, CALL (RLIN) |
BRA |
| 100 ## - ENTRADA PRINCIPAL--NOME PESSOAL |
| Nome pessoal |
Brady, Dustin |
| 245 10 - TÍTULO |
| Título |
Trapped in a video game |
| Indicação de responsabilidade, etc. |
Dustin Brady ; illustrations by Jesse Brady |
| 260 ## - PUBLICAÇÃO, DISTRIBUIÇÃO, ETC. |
| Local de publicação, distribuição, etc. |
Kansas City, Missouri |
| Nome do editor, distribuidor, etc. |
Andrews McMeel Pub. |
| Data da publicação, distribuição, etc. |
[2018] |
| 300 ## - DESCRIÇÃO FÍSICA |
| Extensão |
137 pages |
| Outros detalhes físicos |
illustrations |
| Material de acompanhamento |
24 cm |
| 490 ## - TÍTULO DA SÉRIE |
| Título da série |
Trapped in a video game |
| 520 ## - NOTA DE RESUMO, ETC |
| Resumo, etc. |
After getting sucked in the new game Full Blast with his friend Eric, Jesse starts to see the appeal of being in the game, but pretty soon, a mysterious figure begins following Eric and Jesse, and they discover they cannot leave the game. |
| 521 ## - NOTA DO PÚBLICO ALVO |
| Nota de público alvo |
Year 4 |
| 697 ## - ENTRADA DE ASSUNTO LOCAL--ENTIDADE COLETIVA (RLIN) |
| Nome corporativo ou nome da jurisdição |
Video games - Fiction. |
| 697 ## - ENTRADA DE ASSUNTO LOCAL--ENTIDADE COLETIVA (RLIN) |
| Nome corporativo ou nome da jurisdição |
Friendship |
| 697 ## - ENTRADA DE ASSUNTO LOCAL--ENTIDADE COLETIVA (RLIN) |
| Nome corporativo ou nome da jurisdição |
Action and adventure fiction. |
| 697 ## - ENTRADA DE ASSUNTO LOCAL--ENTIDADE COLETIVA (RLIN) |
| Nome corporativo ou nome da jurisdição |
Juvenile fiction |
| 700 ## - ENTRADA ADICIONADA - NOME PESSOAL |
| Nome pessoal |
Brady, Jesse |
| Função do autor por extenso |
illustrator |
| 856 ## - LOCALIZAÇÃO ELETRÔNICA E ACESSO |
| Uniform Resource Identifier |
<a href="00002f/00002f91.jpg">00002f/00002f91.jpg</a> |
| 942 ## - ELEMENTOS DE ENTRADA ADICIONADOS (KOHA) |
| Tipo de material Koha |
Livros |